• 首页
  • 本馆介绍
  • 公告通知
  • 最新文献
  • 馆藏检索
  • 电子资源
  • 读者导购
  • 参考咨询
  • 我的图书馆
  • 登录
  • 详细信息显示
  • 放入我的书架
  • 预约/预借图书
  • 作者相关作品
  • 分类相关作品
  • 丛书相关作品
  • 出版社相关作品

书目信息

  • 表格格式
  • 工作单格式
  • 卡片格式
题名:
我们生活在同一片蓝天下
    
 
作者: 尚玉昌
分册:  
出版信息: 湖南   湖南教育出版社  1999
页数: 285
开本: 20cm
丛书名:
单 册:
中图分类: Q142
科图分类:
主题词: 生物学:生态学
电子资源:
ISBN: 7-5355-2615-2
000 00597nam0 2200193 450
001 0741144344
005 20070817112544.34
010    @a7-5355-2615-2@d¥13.30
100    @a20070817d km y0chiy0120 ea
101 0  @achi
200 1  @a我们生活在同一片蓝天下@Awo men sheng huo zai tong yi pian lan tian xia@e生物与环境@f尚玉昌@Fshang yu chang
210    @a湖南@c湖南教育出版社@d1999
215    @a285@d20cm
517 1  @a生物与环境@Asheng wu yu huan jing
606 0  @a生物学:生态学
690    @aQ142@v3
701  0 @a尚玉昌@Ashang yu chang
801  0 @aCN@bPFT@c20070817
905    @a213230@dQ142@en1@f1
    
    我们生活在同一片蓝天下:生物与环境/尚玉昌.-湖南:湖南教育出版社,1999
    285;20cm
    
    
    ISBN 7-5355-2615-2:¥13.30
    
●
相关链接 在E读中查询图书 在五车中查询图书 在当当中查询图书 在豆瓣中查询图书


正题名:我们生活在同一片蓝天下     索取号:Q142/n1         预约/预借

序号 登录号 条形码 馆藏地/架位号 状态 备注
1 6600073   266000739   密集书库-生命科学系/ [索取号:Q142/n1] 在馆    
唐山师范学院图书馆 欢迎您!
大连网信软件有限公司© 版权所有